Development and Evaluation of Transaction Processing System for Skin Magical in Morong, Rizal (Record no. 58576)

MARC details
000 -LEADER
fixed length control field 00951nam a22002417a 4500
003 - CONTROL NUMBER IDENTIFIER
control field URS
005 - DATE AND TIME OF LATEST TRANSACTION
control field 20220904155240.0
008 - FIXED-LENGTH DATA ELEMENTS--GENERAL INFORMATION
fixed length control field 220904b |||||||| |||| 00| 0 eng d
100 ## - MAIN ENTRY--PERSONAL NAME
9 (RLIN) 2321
Personal name Mission, Jomari B.
Relator term author
245 ## - TITLE STATEMENT
Title <a href="Development and Evaluation of Transaction Processing System for Skin Magical in Morong, Rizal">Development and Evaluation of Transaction Processing System for Skin Magical in Morong, Rizal</a>
Statement of responsibility, etc Jomari B. Mission, Ianpaul S. Inocentes, Ralmon G. Mendoza, Felix A. Sulit Jr.
260 ## - PUBLICATION, DISTRIBUTION, ETC. (IMPRINT)
Date of publication, distribution, etc 2019
300 ## - PHYSICAL DESCRIPTION
Extent xiii, 105 leaves
Dimensions 28 cm
336 ## - CONTENT TYPE
Source rdacontent
Content type term text
337 ## - MEDIA TYPE
Source rdamedia
Media type term unmediated
338 ## - CARRIER TYPE
Source rdacarrier
Carrier type term volume
502 ## - DISSERTATION NOTE
Dissertation note Thesis
Degree type Bachelor of Science in Information System
Name of granting institution University of Rizal System, Binangonan
Year degree granted 2019
504 ## - BIBLIOGRAPHY, ETC. NOTE
Bibliography, etc includes bibliographical references
700 ## - ADDED ENTRY--PERSONAL NAME
9 (RLIN) 2318
Personal name Inocentes, Ianpaul S.
Relator term author
700 ## - ADDED ENTRY--PERSONAL NAME
9 (RLIN) 2311
Personal name De Jesus, Ernan P. MSIT
Relator term adviser
700 ## - ADDED ENTRY--PERSONAL NAME
9 (RLIN) 2320
Personal name Sulit, Felix A. Jr.
Relator term author
700 ## - ADDED ENTRY--PERSONAL NAME
9 (RLIN) 2319
Personal name Mendoza, Ralmon G.
Relator term author
942 ## - ADDED ENTRY ELEMENTS (KOHA)
Source of classification or shelving scheme Library of Congress Classification
Koha item type Theses and dissertations
Holdings
Withdrawn status Source of classification or shelving scheme Damaged status Not for loan Home library Current library Date acquired Total Checkouts Barcode Date last seen Price effective from Koha item type
  Library of Congress Classification     Binangonan College Library Binangonan College Library 09/04/2022   URSBIN-UGT2028 09/04/2022 09/04/2022 Theses and dissertations

University of Rizal System
Email us at univlibservices@urs.edu.ph

Visit our Website www.urs.edu.ph/library